| 000 | 00359nam a2200145Ia 4500 | ||
|---|---|---|---|
| 008 | 230917s9999||||xx |||||||||||||| ||und|| | ||
| 040 |
_e75306 _aMAIN |
||
| 041 | _aEnglish | ||
| 082 | _a658.8 D169C | ||
| 100 | _aDalrymple, Douglas J | ||
| 245 | 0 | _aCases in marketing management | |
| 260 |
_aNew York _bJohn Wiley _c1992 |
||
| 300 | _ax, 597 p. | ||
| 942 | _cBK | ||
| 999 |
_c94923 _d94923 |
||